<?xml version="1.0" encoding="UTF-8"?>
<record
    xmlns:xsi="http://www.w3.org/2001/XMLSchema-instance"
    xsi:schemaLocation="http://www.loc.gov/MARC21/slim http://www.loc.gov/standards/marcxml/schema/MARC21slim.xsd"
    xmlns="http://www.loc.gov/MARC21/slim">

  <leader>00594nam a22001937a 4500</leader>
  <datafield tag="999" ind1=" " ind2=" ">
    <subfield code="c">524227</subfield>
    <subfield code="d">524227</subfield>
  </datafield>
  <controlfield tag="003">NUST</controlfield>
  <datafield tag="020" ind1=" " ind2=" ">
    <subfield code="a">9694741254</subfield>
  </datafield>
  <datafield tag="038" ind1=" " ind2=" ">
    <subfield code="a">Faiza</subfield>
  </datafield>
  <datafield tag="082" ind1=" " ind2=" ">
    <subfield code="a">891.423</subfield>
    <subfield code="b">ASG</subfield>
  </datafield>
  <datafield tag="100" ind1=" " ind2=" ">
    <subfield code="a">Asghar, Rajiswer Rao</subfield>
    <subfield code="9">15039</subfield>
  </datafield>
  <datafield tag="245" ind1=" " ind2=" ">
    <subfield code="a">Hindi Urdu Lughat /</subfield>
    <subfield code="c">Rajiswer Rao Asghar</subfield>
  </datafield>
  <datafield tag="260" ind1=" " ind2=" ">
    <subfield code="a">Islamabad :</subfield>
    <subfield code="b">Muqtadra Qoumi Zaban,</subfield>
    <subfield code="c">1993.</subfield>
  </datafield>
  <datafield tag="300" ind1=" " ind2=" ">
    <subfield code="a">491 p. ;</subfield>
  </datafield>
  <datafield tag="500" ind1=" " ind2=" ">
    <subfield code="a">Paper cover.</subfield>
  </datafield>
  <datafield tag="880" ind1=" " ind2=" ">
    <subfield code="6">100-02\r</subfield>
    <subfield code="a">&#x631;&#x627;&#x62C;&#x6CC;&#x633;&#x648;&#x631; &#x631;&#x627;&#x624;&#x627;&#x635;&#x63A;&#x631;</subfield>
  </datafield>
  <datafield tag="880" ind1=" " ind2=" ">
    <subfield code="6">245-02\r</subfield>
    <subfield code="a">&#x6C1;&#x646;&#x62F;&#x6CC; &#x627;&#x64F;&#x631;&#x62F;&#x648; &#x644;&#x64F;&#x63A;&#x62A; /</subfield>
  </datafield>
  <datafield tag="880" ind1=" " ind2=" ">
    <subfield code="6">260-02\r</subfield>
    <subfield code="a">&#x627;&#x633;&#x644;&#x627;&#x645; &#x622;&#x628;&#x627;&#x62F; :</subfield>
    <subfield code="b">&#x645;&#x642;&#x62A;&#x62F;&#x631;&#x6C1; &#x642;&#x648;&#x645;&#x6CC; &#x632;&#x628;&#x627;&#x646;,</subfield>
    <subfield code="c">&#x6F1;&#x6F9;&#x6F9;&#x6F3;.</subfield>
  </datafield>
  <datafield tag="942" ind1=" " ind2=" ">
    <subfield code="2">ddc</subfield>
    <subfield code="c">BK</subfield>
  </datafield>
  <datafield tag="952" ind1=" " ind2=" ">
    <subfield code="0">0</subfield>
    <subfield code="1">0</subfield>
    <subfield code="2">ddc</subfield>
    <subfield code="4">0</subfield>
    <subfield code="7">0</subfield>
    <subfield code="a">CL</subfield>
    <subfield code="b">CL</subfield>
    <subfield code="d">2019-06-19</subfield>
    <subfield code="l">0</subfield>
    <subfield code="o">891.423 ASG</subfield>
    <subfield code="p">CL-E-1778</subfield>
    <subfield code="r">2019-06-19</subfield>
    <subfield code="w">2019-06-19</subfield>
    <subfield code="y">BK</subfield>
  </datafield>
</record>
